000 01069nam a2200277Ia 4500
003 OSt
005 20220923211609.0
006 a|||||r|||| 00| 0
007 ta
008 220922b |||||||| |||| 00| 0 hin d
020 _a9789388562164 (hbk)
_c1000
024 _a353,079
037 _b5522, 17/12/2019, Meharchand Lachhhindas Publications
_cTextual
040 _aARTS
_cARTS
_bhin
041 _2hin
_ahin
082 _aO15:g(R), 152Q9
100 _aशर्मा, शिवम कुमार, ले.
_9160928
245 0 _aसंस्कृत दर्शन शास्त्र
246 _aSanskṛut darshan shāstra
260 _aनई दिल्ली
_b रावत प्रकाशन
_c2019
300 _a232पृ.
_ccm.
650 _a दर्शनशास्त्र
650 _aसंस्कृत साहित्य
942 _hO15:g(R), 152Q9
_cTEXL
_2CC
999 _c301204
_d301204